Affirmative action in India / (Record no. 91293)

MARC details
000 -LEADER
fixed length control field 00836nam a22002417a 4500
010 ## - LCCN (DPL NO)
LC control number ENG-112121
020 ## - INTERNATIONAL STANDARD BOOK NUMBER
International Standard Book Number 9780198092087
Terms of availability 195.00
020 ## - INTERNATIONAL STANDARD BOOK NUMBER
International Standard Book Number 0198092083
Terms of availability 195.00
035 ## - SYSTEM CONTROL NUMBER
System control number EN-95653
037 ## - SOURCE OF ACQUISITION
Source of stock number/acquisition DBAD/PUB
082 ## - DEWEY DECIMAL CLASSIFICATION NUMBER
Classification number 331.1330954
100 ## - MAIN ENTRY--PERSONAL NAME
Personal name Deshpande, Ashwini
245 ## - TITLE STATEMENT
Title Affirmative action in India /
Statement of responsibility, etc by Ashwini Deshpande
260 ## - PUBLICATION, DISTRIBUTION, ETC. (IMPRINT)
Place of publication, distribution, etc New Delhi
Name of publisher, distributor, etc Oxford University Press
Date of publication, distribution, etc 2013
270 ## - ADDRESS
Address YMCA Library Building, 1, Jai Singh Road,
City New Delhi
Postal code 110001
300 ## - PHYSICAL DESCRIPTION
Extent x,218p.
Dimensions 19cm(pbk)
490 ## - SERIES STATEMENT
Series statement Oxford India short introductions
500 ## - GENERAL NOTE
General note Includes bibliobraphical references and index
650 ## - SUBJECT ADDED ENTRY--TOPICAL TERM
Topical term or geographic name as entry element Affirmative action programs
Geographic subdivision India.
650 ## - SUBJECT ADDED ENTRY--TOPICAL TERM
Topical term or geographic name as entry element Minorities
General subdivision Employment .
Geographic subdivision India
650 ## - SUBJECT ADDED ENTRY--TOPICAL TERM
Topical term or geographic name as entry element Discrimination in employment
Geographic subdivision India.
942 ## - ADDED ENTRY ELEMENTS (KOHA)
Source of classification or shelving scheme Dewey Decimal Classification
Item type English Books
Call number suffix DES
Classification part 331.1330954
Holdings
Withdrawn status Lost status Not for loan Collection code Home library Current library Date acquired Source of acquisition Cost, normal purchase price Full call number Barcode Copy number Cost, replacement price Koha item type
    Not For Loan Non-fiction D.B.Act.Division D.B.Act.Division 06/02/2015 DBAD/PUB 195.00 331.1330954 DES EN-95653 1 195.00 English Books

© Delhi Public Library
Hit Counter
free hit counter